000 03676cam a22012254i 4500
003 PE-LiUPU
005 20250813185417.0
008 180522s2013 ag a rb 001 0 spa d
020 _a9789875383609
035 _a(Sirsi) a242082
040 _aPE-LiUPU
_bspa
_cPE-LiUPU
_erda
049 _aPRUA
082 0 4 _a378
_bJ67
_222
100 1 _aJohson, Robert,
_eautor.
245 1 0 _aElaboración de tesis, tesinas y trabajos finales :
_bdiferentes modalidades, pautas metodológias, indicadores de evaluación /
_cGabriela Iglesias, Graciela Resala.
250 _a1a edición.
264 1 _aBuenos aires :
_bNoveduc,
_c2013.
300 _a205 páginas :
_bilustraciones ;
_c28 centímetros
336 _atext
_2rdacontent
337 _aunmediated
_2rdamedia
338 _avolume
_2rdacarrier
504 _aBibliografía al final de cada capítulo.
505 0 _aIntroducción -- La problemática de la elaboración de un trabajo final de grado -- Sobre tesis, tesinas y trabajos finales -- La evaluación como práctica social institucionalizada -- Género discursivos -- Modalidades de trabajos finales -- La investigación científica -- Quince ejercicios para la redacción de un proyecto de investigación -- La propuesta de intervención -- La auditoría de comunicación -- La comunicación publicitaria -- La investigación de mercados -- El plan de negocios -- Fundamentos e importancia de los mapas conceptuales para la representación y transmisión del conocimiento.
526 _aP202
526 _aP201
526 _aP163
526 _aP162
526 _aP161
526 _aP160
526 _aP148
526 _aP147
526 _aP146
526 _aP145
526 _aP144
526 _aP143
526 _aP142
526 _aP141
526 _aP140
526 _aP139
526 _aP138
526 _aP137
526 _aP136
526 _aP135
526 _aP134
526 _aP133
526 _aP129
526 _aP128
526 _aP127
526 _aP120
526 _aP119
526 _aP118
526 _aP116
526 _aP115
526 _aP114
526 _aP110
526 _aP109
526 _aP108
526 _aP104
526 _aP103
526 _aP102
526 _aP99
526 _aP98
526 _aP97
526 _aP96
526 _aP95
526 _aP93
526 _aP90
526 _aP89
526 _aP88
526 _aP83
526 _aP82
526 _aP62
526 _aP59
526 _aP58
526 _aP57
526 _aP51
526 _aP49
526 _aP48
526 _aP47
526 _aP29
526 _aP24
526 _aP20
526 _aP19
526 _aP17
526 _aP15
526 _aP14
526 _aP12
526 _aP10
526 _aP09
526 _aP08
526 _aP07
526 _aP06
526 _aP05
526 _aP04
526 _aP01
541 _g022-00000049;
650 0 4 _aInvestigación científica.
650 0 4 _aScientific investigation.
910 _adbm
_bwmm
_cwmm
_d20160822
942 _2ddc
_cBOOK
994 _aC0
_bPEPRU
596 _a1
999 _a378 J67
_wDEWEY
_c27591
_i78561
_f2021-11-9
_g4
_lCCODEBUL1
_mBUL
_p27.84
_r0
_sY
_tBOOK
_u2018-5-22
_xINGENIERIA
_PP24
_0COMPRA
_1FCOMPRA
_o.STAFF. Colección Ingeniería y Arquitectura
_d27591
999 _a378 J67
_wDEWEY
_c2
_i78562
_f2021-11-9
_g4
_lCCODEBUL1
_mBUL
_p27.84
_r0
_sY
_tBOOK
_u2018-5-22
_xINGENIERIA
_PP24
_0COMPRA
_1FCOMPRA
_o.STAFF. Colección Ingeniería y Arquitectura
980 _81
_gALBERTO SANCHEZ Responsable de Automatización